[Event "35t. Copenhagen Open (Politiken Cup)"]
[Site "Elsinore"]
[Date "2013.07.27"]
[Round "1"]
[White "Skjoldager, Mikael"]
[Black "Suntharalingam, Jarani"]
[Result "1-0"]
[WhiteElo "2088"]
[BlackElo "1644"]
[PlyCount "71"]
[EventDate "2013.07.27"]
[EventType "swiss"]
[EventRounds "10"]
[EventCountry "DEN"]
[Source "ChessBase"]
[SourceDate "2013.08.26"]

1. d4 d5 2. c4 e6 3. Nf3 c5 4. cxd5 exd5 5. g3 Be6 6. Bg2 Nc6 7. O-O Nf6 8. Nc3
Be7 9. dxc5 Bxc5 10. Na4 Be7 11. Be3 Qa5 12. Rc1 Rd8 13. Nd4 Nxd4 14. Bxd4 b6
15. a3 Qb5 16. Rc7 Rd7 17. Rc8+ Rd8 18. Rxd8+ Bxd8 19. Nc3 Qd7 20. Qd3 O-O 21.
Qa6 Ne4 22. Rd1 Re8 23. Nxe4 dxe4 24. Bxe4 Bb3 25. Bxh7+ Kxh7 26. Qd3+ g6 27.
Qxb3 Rxe2 28. Bf6 Rd2 29. Rxd2 Qxd2 30. Qxf7+ Kh6 31. Qg7+ Kh5 32. Qh7+ Kg4 33.
Qxg6+ Kf3 34. Qh5+ Ke4 35. f3+ Kd3 36. Qd5+ 1-0

[Event "35t. Copenhagen Open (Politiken Cup)"]
[Site "Elsinore"]
[Date "2013.07.27"]
[Round "1"]
[White "Skovgaard, Ib"]
[Black "Hansen, Martin Mandrup"]
[Result "1-0"]
[WhiteElo "2036"]
[BlackElo "1537"]
[PlyCount "45"]
[EventDate "2013.07.27"]
[EventType "swiss"]
[EventRounds "10"]
[EventCountry "DEN"]
[Source "ChessBase"]
[SourceDate "2013.08.26"]

1. e4 d5 2. exd5 Qxd5 3. Nc3 Qa5 4. d4 c6 5. Bd2 Bf5 6. Nf3 h6 7. Bc4 e6 8. O-O
Nf6 9. Ne5 Nbd7 10. Nxd7 Nxd7 11. d5 Ne5 12. Bb3 Bd6 13. Ne4 Qc7 14. Nxd6+ Qxd6
15. Bf4 exd5 16. Bxe5 Qg6 17. Bg3 O-O-O 18. Qd4 b6 19. Qf4 Kb7 20. a4 Rd7 21.
a5 Ra8 22. axb6 a6 23. Rxa6 1-0

[Event "35t. Copenhagen Open (Politiken Cup)"]
[Site "Elsinore"]
[Date "2013.07.27"]
[Round "1"]
[White "Smagin, Nikita"]
[Black "Gade, Jens"]
[Result "1-0"]
[WhiteElo "2081"]
[BlackElo "1623"]
[PlyCount "91"]
[EventDate "2013.07.27"]
[EventType "swiss"]
[EventRounds "10"]
[EventCountry "DEN"]
[Source "ChessBase"]
[SourceDate "2013.08.26"]

1. e4 c5 2. Nc3 d6 3. f4 Nc6 4. Nf3 Nf6 5. Bb5 a6 6. Bxc6+ bxc6 7. O-O e6 8. d3
Be7 9. e5 Nd5 10. Ne4 dxe5 11. fxe5 O-O 12. a3 Bb7 13. c4 f5 14. Nd6 Bxd6 15.
cxd5 Bxe5 16. Nxe5 cxd5 17. d4 Rc8 18. dxc5 Rxc5 19. Qd4 Qe7 20. Bg5 Qc7 21.
Rac1 Rc8 22. Rxc5 Qxc5 23. Qxc5 Rxc5 24. Rc1 Rxc1+ 25. Bxc1 h6 26. Kf2 g5 27.
g3 d4 28. b4 Be4 29. a4 Kf8 30. h4 Ke7 31. hxg5 hxg5 32. Bxg5+ Kd6 33. Bf4 Kd5
34. Ke2 Bc2 35. a5 Be4 36. Kd2 Bg2 37. Nd7 Kc4 38. Nc5 Kxb4 39. Nxa6+ Kxa5 40.
Nc7 Kb4 41. Kd3 Kc5 42. Nxe6+ Kd5 43. Nxd4 Be4+ 44. Ke3 Bb1 45. Ne2 Ke6 46. Bb8
1-0

[Event "35t. Copenhagen Open (Politiken Cup)"]
[Site "Elsinore"]
[Date "2013.07.27"]
[Round "1"]
[White "Soors, Stef"]
[Black "Garberg, Tore"]
[Result "1-0"]
[WhiteElo "2405"]
[BlackElo "1914"]
[PlyCount "69"]
[EventDate "2013.07.27"]
[EventType "swiss"]
[EventRounds "10"]
[EventCountry "DEN"]
[Source "ChessBase"]
[SourceDate "2013.08.26"]

1. e4 c6 2. d4 d5 3. Nc3 dxe4 4. Nxe4 Bf5 5. Ng3 Bg6 6. h4 h6 7. Nf3 Nd7 8. h5
Bh7 9. Bd3 Bxd3 10. Qxd3 e6 11. Bd2 Ngf6 12. O-O-O Be7 13. Ne4 Nxe4 14. Qxe4
Nf6 15. Qd3 Ng4 16. Qe2 Qc7 17. Ne5 Nxe5 18. dxe5 O-O-O 19. f4 Rhe8 20. g4 Kb8
21. g5 Bf8 22. Qe4 Kc8 23. Rhf1 Rd7 24. Be3 Rxd1+ 25. Rxd1 b6 26. gxh6 gxh6 27.
f5 exf5 28. Qxf5+ Re6 29. Bf4 Kb7 30. Rg1 Qe7 31. Kb1 f6 32. Rg6 Bg7 33. Rxg7
Qxg7 34. Qxe6 fxe5 35. Qxe5 1-0

[Event "35t. Copenhagen Open (Politiken Cup)"]
[Site "Elsinore"]
[Date "2013.07.27"]
[Round "1"]
[White "Svedberg, Hans"]
[Black "Bremer, Erik"]
[Result "1-0"]
[WhiteElo "2011"]
[BlackElo "1493"]
[PlyCount "55"]
[EventDate "2013.07.27"]
[EventType "swiss"]
[EventRounds "10"]
[EventCountry "DEN"]
[Source "ChessBase"]
[SourceDate "2013.08.26"]

1. e4 c5 2. Nf3 d6 3. d4 cxd4 4. Nxd4 Nf6 5. Nc3 a6 6. h3 e6 7. g4 Nc6 8. Bg2
Be7 9. O-O O-O 10. Re1 Qc7 11. a4 Ne5 12. g5 Ne8 13. f4 Nc4 14. Kh1 Bd7 15. b3
Na5 16. Bb2 Rc8 17. Qd2 Nc6 18. Nde2 Qa5 19. Rad1 Nb4 20. Nd4 Nc7 21. Na2 d5
22. Bc3 e5 23. Nf5 Bxf5 24. exf5 d4 25. Bxb4 Bxb4 26. Qxb4 Qxb4 27. Nxb4 Na8
28. Rxe5 1-0

[Event "35t. Copenhagen Open (Politiken Cup)"]
[Site "Elsinore"]
[Date "2013.07.27"]
[Round "1"]
[White "Svorono, Gabriel"]
[Black "Grant, Jonathan"]
[Result "0-1"]
[WhiteElo "1819"]
[BlackElo "2235"]
[PlyCount "52"]
[EventDate "2013.07.27"]
[EventType "swiss"]
[EventRounds "10"]
[EventCountry "DEN"]
[Source "ChessBase"]
[SourceDate "2013.08.26"]

1. e4 c6 2. Nf3 d5 3. Nc3 Bg4 4. h3 Bxf3 5. Qxf3 e6 6. d3 Nf6 7. g3 Bb4 8. Bd2
d4 9. Nb1 Bxd2+ 10. Nxd2 O-O 11. Bg2 c5 12. Qe2 Nc6 13. f4 b5 14. O-O Rc8 15.
g4 Nb4 16. Nf3 c4 17. Rfc1 cxd3 18. cxd3 Rxc1+ 19. Rxc1 Nxa2 20. Ra1 Nb4 21.
Rxa7 Qb8 22. Ra3 Rc8 23. Nxd4 Qxf4 24. Nxb5 h5 25. gxh5 Rc1+ 26. Bf1 Rc2 0-1

[Event "35t. Copenhagen Open (Politiken Cup)"]
[Site "Elsinore"]
[Date "2013.07.27"]
[Round "1"]
[White "Tandrup, Michael"]
[Black "Szucs, Michell Daniel"]
[Result "1-0"]
[WhiteElo "2018"]
[BlackElo "1504"]
[PlyCount "95"]
[EventDate "2013.07.27"]
[EventType "swiss"]
[EventRounds "10"]
[EventCountry "DEN"]
[Source "ChessBase"]
[SourceDate "2013.08.26"]

1. c4 Nf6 2. g3 e6 3. Bg2 Be7 4. Nc3 O-O 5. Nf3 Nc6 6. O-O b6 7. d4 Bb7 8. e4
d6 9. a3 a6 10. Qc2 g6 11. Bh6 Re8 12. Rad1 Qc8 13. d5 exd5 14. exd5 Ne5 15.
Nxe5 dxe5 16. Bg5 Qg4 17. Bxf6 Bxf6 18. f4 Bg7 19. f5 Qxc4 20. fxg6 hxg6 21.
Qf2 Qc5 22. Qxc5 bxc5 23. Ne4 Rad8 24. Nxc5 Bc8 25. Ne4 f5 26. Nc5 e4 27. b4
Re5 28. Rfe1 Rexd5 29. Rxd5 Rxd5 30. Bf1 Kf8 31. Nxa6 Bxa6 32. Bxa6 Bd4+ 33.
Kf1 Bb6 34. Ke2 Ke7 35. Rc1 Kd6 36. Bb7 Rd3 37. Rc6+ Ke5 38. a4 g5 39. a5 Bg1
40. a6 Re3+ 41. Kf1 Bxh2 42. a7 f4 43. Rc5+ Kd4 44. a8=Q Rf3+ 45. Kg2 fxg3 46.
Qa1+ Ke3 47. Qe1+ Kf4 48. Qxe4# 1-0

[Event "35t. Copenhagen Open (Politiken Cup)"]
[Site "Elsinore"]
[Date "2013.07.27"]
[Round "1"]
[White "Thuesen, Mogens Henrik"]
[Black "Rasmussen, Henning Lau"]
[Result "1-0"]
[WhiteElo "2267"]
[BlackElo "1835"]
[PlyCount "59"]
[EventDate "2013.07.27"]
[EventType "swiss"]
[EventRounds "10"]
[EventCountry "DEN"]
[Source "ChessBase"]
[SourceDate "2013.08.26"]

1. d4 d5 2. c4 c6 3. Nc3 Nf6 4. Nf3 e6 5. Bg5 dxc4 6. e4 b5 7. e5 h6 8. Bh4 g5
9. Nxg5 hxg5 10. Bxg5 Nbd7 11. exf6 Bb7 12. Be2 Nxf6 13. Bf3 a6 14. a4 b4 15.
Ne2 Be7 16. Rc1 Nd5 17. Bxe7 Qxe7 18. Rxc4 Qd6 19. h3 Rd8 20. O-O Ke7 21. Bxd5
cxd5 22. Rc5 Rdg8 23. Qd3 Rc8 24. Rfc1 Rxc5 25. dxc5 Qe5 26. c6 Bc8 27. Qd2 a5
28. Nd4 Qg7 29. Re1 Kd6 30. Nb5+ 1-0

[Event "35t. Copenhagen Open (Politiken Cup)"]
[Site "Elsinore"]
[Date "2013.07.27"]
[Round "1"]
[White "Thybo, Jan"]
[Black "Jensen, Tobias Ilsoe"]
[Result "0-1"]
[WhiteElo "1303"]
[BlackElo "1954"]
[PlyCount "44"]
[EventDate "2013.07.27"]
[EventType "swiss"]
[EventRounds "10"]
[EventCountry "DEN"]
[Source "ChessBase"]
[SourceDate "2013.08.26"]

1. e4 c5 2. g3 d6 3. d3 e6 4. Bg2 Nc6 5. Nc3 g6 6. Nge2 Bg7 7. O-O Nge7 8. Bg5
h6 9. Bd2 O-O 10. f4 Rb8 11. a4 a6 12. g4 f5 13. Ng3 fxg4 14. Qxg4 d5 15. e5 b5
16. Nce2 bxa4 17. c4 dxc4 18. Bxc6 Nxc6 19. dxc4 Qxd2 20. Qxg6 Nd4 21. Nh5
Nxe2+ 22. Kg2 Nxf4+ 0-1

[Event "35t. Copenhagen Open (Politiken Cup)"]
[Site "Elsinore"]
[Date "2013.07.27"]
[Round "1"]
[White "Thybo, Jesper Sondergaard"]
[Black "Larsen, Ulrik Jejlskov"]
[Result "1-0"]
[WhiteElo "2097"]
[BlackElo "1700"]
[PlyCount "37"]
[EventDate "2013.07.27"]
[EventType "swiss"]
[EventRounds "10"]
[EventCountry "DEN"]
[Source "ChessBase"]
[SourceDate "2013.08.26"]

1. d4 Nf6 2. c4 c5 3. d5 b5 4. cxb5 a6 5. bxa6 g6 6. Nc3 Bxa6 7. Nf3 d6 8. e4
Nbd7 9. Bxa6 Rxa6 10. Qe2 Qb6 11. b3 Bg7 12. Bb2 O-O 13. O-O Rfa8 14. Nd2 e5
15. dxe6 fxe6 16. Qc4 Re8 17. Rad1 Ne5 18. Qe2 Nc6 19. Nc4 1-0

[Event "35t. Copenhagen Open (Politiken Cup)"]
[Site "Elsinore"]
[Date "2013.07.27"]
[Round "1"]
[White "Thybo, Thomas Sondergaard"]
[Black "Pedersen, Jan Kaas"]
[Result "0-1"]
[WhiteElo "1512"]
[BlackElo "2018"]
[PlyCount "48"]
[EventDate "2013.07.27"]
[EventType "swiss"]
[EventRounds "10"]
[EventCountry "DEN"]
[Source "ChessBase"]
[SourceDate "2013.08.26"]

1. e4 e6 2. f4 d5 3. Nc3 dxe4 4. Nxe4 Nf6 5. Nxf6+ Qxf6 6. d4 Bd6 7. g3 Nc6 8.
Nf3 Bd7 9. Bg2 O-O 10. O-O Rad8 11. c4 Rfe8 12. Be3 Bf8 13. a3 a5 14. Qc2 Ne7
15. Ng5 g6 16. Rad1 Bc6 17. Bh3 b6 18. d5 exd5 19. Bd4 Qd6 20. Be5 Qc5+ 21. Rf2
dxc4 22. Rxd8 Rxd8 23. Ne6 Qd5 24. Nxd8 Qh1# 0-1

[Event "35t. Copenhagen Open (Politiken Cup)"]
[Site "Elsinore"]
[Date "2013.07.27"]
[Round "1"]
[White "Torgersen, Markus"]
[Black "Petersen, Peter Birk"]
[Result "0-1"]
[WhiteElo "1737"]
[BlackElo "2155"]
[PlyCount "36"]
[EventDate "2013.07.27"]
[EventType "swiss"]
[EventRounds "10"]
[EventCountry "DEN"]
[Source "ChessBase"]
[SourceDate "2013.08.26"]

1. c4 e5 2. g3 Nf6 3. Bg2 d5 4. cxd5 Nxd5 5. Nc3 Be6 6. e4 Nb4 7. Bf1 N8c6 8.
a3 Nd4 9. axb4 Bb3 10. Qh5 Nc2+ 11. Ke2 Nxa1 12. Qxe5+ Be7 13. Qxg7 Bf6 14. Qg4
Bc4+ 15. Ke1 Nc2+ 16. Kd1 Bb3 17. Ke2 Nxb4 18. Bg2 Qd3+ 0-1

[Event "35t. Copenhagen Open (Politiken Cup)"]
[Site "Elsinore"]
[Date "2013.07.27"]
[Round "1"]
[White "Willumsen, Henrik"]
[Black "Bratteteig, Tore Inge"]
[Result "1-0"]
[WhiteElo "2127"]
[BlackElo "1692"]
[PlyCount "59"]
[EventDate "2013.07.27"]
[EventType "swiss"]
[EventRounds "10"]
[EventCountry "DEN"]
[Source "ChessBase"]
[SourceDate "2013.08.26"]

1. e4 c6 2. d4 d5 3. Nd2 dxe4 4. Nxe4 Bf5 5. Ng3 Bg6 6. h4 h6 7. Nf3 Nd7 8. h5
Bh7 9. Bd3 Bxd3 10. Qxd3 Ngf6 11. Bf4 Qa5+ 12. Bd2 Qc7 13. O-O-O e6 14. Ne5 Bd6
15. Kb1 O-O 16. Nxd7 Qxd7 17. Rh4 Qc7 18. Ne4 Be7 19. Nxf6+ Bxf6 20. Rg4 Kh8
21. Bf4 Qa5 22. Qe3 Qxh5 23. f3 Rad8 24. Qc1 c5 25. Rh1 Qf5 26. Bxh6 Kg8 27.
Bxg7 Bxg7 28. Rxg7+ Kxg7 29. Qh6+ Kg8 30. Qh8# 1-0

[Event "35t. Copenhagen Open (Politiken Cup)"]
[Site "Elsinore"]
[Date "2013.07.27"]
[Round "1"]
[White "Zyde, Fadmal"]
[Black "Andersen, Soren P"]
[Result "1/2-1/2"]
[WhiteElo "1675"]
[BlackElo "2115"]
[PlyCount "64"]
[EventDate "2013.07.27"]
[EventType "swiss"]
[EventRounds "10"]
[EventCountry "DEN"]
[Source "ChessBase"]
[SourceDate "2013.08.26"]

1. e4 c5 2. Nf3 d6 3. d4 cxd4 4. Nxd4 Nf6 5. Nc3 a6 6. Bg5 e6 7. Qf3 h6 8. Bxf6
Qxf6 9. Qxf6 gxf6 10. O-O-O Nc6 11. Nxc6 bxc6 12. Na4 Rb8 13. f4 Rb4 14. Nc3 f5
15. a3 Rxe4 16. Nxe4 fxe4 17. Rd4 d5 18. Ra4 Bd6 19. g3 e5 20. fxe5 Bxe5 21.
Bxa6 Bg4 22. c3 f5 23. Kc2 Kd7 24. Re1 Kd6 25. Be2 Bh3 26. Bh5 Rc8 27. Ra7 c5
28. Rh7 Rh8 29. Rxh8 Bxh8 30. Kd2 d4 31. c4 Bg2 32. Rb1 d3 1/2-1/2

[Event "35t. Copenhagen Open (Politiken Cup)"]
[Site "Elsinore"]
[Date "2013.07.29"]
[Round "4"]
[White "Alfven, Jorgen"]
[Black "Nilssen, Ellen Fredericia"]
[Result "1-0"]
[WhiteElo "1851"]
[BlackElo "1544"]
[PlyCount "53"]
[EventDate "2013.07.27"]
[EventType "swiss"]
[EventRounds "10"]
[EventCountry "DEN"]
[Source "ChessBase"]
[SourceDate "2013.08.26"]

1. d4 e6 2. Nf3 d5 3. g3 Nf6 4. Bg2 Be7 5. O-O O-O 6. b3 Nbd7 7. c4 b6 8. Bb2
Bb7 9. cxd5 Bxd5 10. Nc3 Bb7 11. Rc1 a6 12. Re1 Re8 13. e4 Nf8 14. Qe2 Ng6 15.
Red1 Rb8 16. Ne5 Qc8 17. Nd3 Bf8 18. h4 Rd8 19. h5 Ne7 20. Nf4 h6 21. d5 e5 22.
Bh3 Nd7 23. Nd3 c5 24. Nxe5 Qc7 25. d6 Qc8 26. dxe7 Bxe7 27. Rxd7 1-0

[Event "35t. Copenhagen Open (Politiken Cup)"]
[Site "Elsinore"]
[Date "2013.07.29"]
[Round "4"]
[White "Alquist, Erik"]
[Black "Bach, Matthias"]
[Result "0-1"]
[WhiteElo "2053"]
[BlackElo "2251"]
[PlyCount "56"]
[EventDate "2013.07.27"]
[EventType "swiss"]
[EventRounds "10"]
[EventCountry "DEN"]
[Source "ChessBase"]
[SourceDate "2013.08.26"]

1. e4 d6 2. d4 Nd7 3. Nf3 c5 4. Nc3 e6 5. Be3 a6 6. a4 Qc7 7. Be2 Ngf6 8. a5
Be7 9. h3 O-O 10. O-O cxd4 11. Qxd4 Ne5 12. Nd2 Bd7 13. f4 Nc6 14. Qc4 d5 15.
exd5 exd5 16. Nxd5 Nxd5 17. Qxd5 Nb4 18. Qe4 Rfe8 19. Bd3 Nxd3 20. Qxd3 Bb5 21.
c4 Rad8 22. Qb3 Bc5 23. Rf3 Rxe3 24. Rxe3 Rxd2 25. Kh1 Bc6 26. Rg3 Qxf4 27. Qc3
Bd4 28. Qa3 Qf2 0-1

[Event "35t. Copenhagen Open (Politiken Cup)"]
[Site "Elsinore"]
[Date "2013.07.29"]
[Round "4"]
[White "Ancion, Merowig"]
[Black "Kearsley, Raymond J"]
[Result "1-0"]
[WhiteElo "1954"]
[BlackElo "1764"]
[PlyCount "68"]
[EventDate "2013.07.27"]
[EventType "swiss"]
[EventRounds "10"]
[EventCountry "DEN"]
[Source "ChessBase"]
[SourceDate "2013.08.26"]

1. e4 c5 2. Nf3 e6 3. c3 Nc6 4. d4 cxd4 5. cxd4 Nf6 6. Nc3 d5 7. e5 Ne4 8. Bd3
Bb4 9. O-O Nxc3 10. bxc3 Bxc3 11. Rb1 Qa5 12. Bb2 Bxb2 13. Rxb2 a6 14. h4 b5
15. Qc1 Qb6 16. Qg5 g6 17. Qf4 Qd8 18. Rc1 Na5 19. Qh6 Qe7 20. Qg7 Qf8 21. Qf6
Nc4 22. Rbb1 Rg8 23. a4 Bd7 24. axb5 axb5 25. Re1 Rb8 26. Ra1 Qe7 27. Qf4 Qd8
28. Ng5 Rg7 29. Rec1 b4 30. Bxc4 dxc4 31. d5 c3 32. dxe6 Bxe6 33. Nxe6 Qd2 34.
Nxg7+ Kf8 1-0

[Event "35t. Copenhagen Open (Politiken Cup)"]
[Site "Elsinore"]
[Date "2013.07.29"]
[Round "4"]
[White "Andersen, Claus"]
[Black "Pedersen, Jan Kaas"]
[Result "1/2-1/2"]
[WhiteElo "1806"]
[BlackElo "2018"]
[PlyCount "38"]
[EventDate "2013.07.27"]
[EventType "swiss"]
[EventRounds "10"]
[EventCountry "DEN"]
[Source "ChessBase"]
[SourceDate "2013.08.26"]

1. d4 d5 2. c4 c6 3. cxd5 cxd5 4. Nc3 e6 5. Bf4 Bd6 6. Bg3 Nf6 7. Nf3 Nc6 8. e3
a6 9. Rc1 O-O 10. a3 Ne4 11. Nxe4 dxe4 12. Nd2 f5 13. Bxd6 Qxd6 14. Nc4 Qd8 15.
Qb3 b5 16. Nd2 Ne7 17. Be2 Qd6 18. Qc2 Nd5 19. Qc6 Qxc6 1/2-1/2

[Event "35t. Copenhagen Open (Politiken Cup)"]
[Site "Elsinore"]
[Date "2013.07.29"]
[Round "4"]
[White "Andreasen, Jakup a Rogvi"]
[Black "Madison, Sigurd"]
[Result "0-1"]
[WhiteElo "2008"]
[BlackElo "1792"]
[PlyCount "76"]
[EventDate "2013.07.27"]
[EventType "swiss"]
[EventRounds "10"]
[EventCountry "DEN"]
[Source "ChessBase"]
[SourceDate "2013.08.26"]

1. d4 d5 2. Nf3 Nf6 3. g3 c6 4. Bg2 Nbd7 5. O-O e6 6. b3 Bd6 7. Bb2 Ng4 8. c4
f5 9. Ba3 Ndf6 10. Bxd6 Qxd6 11. e3 h5 12. h4 Bd7 13. Nbd2 O-O-O 14. Ng5 Rdf8
15. Qe2 Nh7 16. Ndf3 Ngf6 17. Rac1 Ne4 18. Nh3 g5 19. Nhxg5 Nhxg5 20. Nxg5 Nxg5
21. hxg5 h4 22. f4 hxg3 23. Qf3 Qa3 24. Rc2 dxc4 25. bxc4 Be8 26. Qxg3 Bh5 27.
c5 Qd3 28. Rfc1 Bg4 29. Rc3 Qa6 30. R1c2 Be2 31. Qf2 Bb5 32. Rb2 Rh7 33. Rcb3
Rfh8 34. Rb4 Bd3 35. Rd2 Qa3 36. Rbb2 Qc3 37. g6 Qc1+ 38. Bf1 Rh1+ 0-1

[Event "35t. Copenhagen Open (Politiken Cup)"]
[Site "Elsinore"]
[Date "2013.07.29"]
[Round "4"]
[White "Bayhan, Erkan"]
[Black "Oland, Arne"]
[Result "0-1"]
[WhiteElo "1753"]
[BlackElo "1955"]
[PlyCount "75"]
[EventDate "2013.07.27"]
[EventType "swiss"]
[EventRounds "10"]
[EventCountry "DEN"]
[Source "ChessBase"]
[SourceDate "2013.08.26"]

1. e4 e5 2. Nf3 Nc6 3. Bb5 a6 4. Ba4 Nf6 5. O-O b5 6. Bb3 Be7 7. Re1 O-O 8. c3
d6 9. d4 Bg4 10. d5 Na5 11. Bc2 Nc4 12. Qd3 Nd7 13. h3 Nc5 14. Qd1 Bh5 15. Nbd2
Nb6 16. Nf1 Rc8 17. Ne3 Bg6 18. Nf1 f5 19. exf5 Bxf5 20. Bxf5 Rxf5 21. Ng3 Rf7
22. Ne4 Nxe4 23. Rxe4 Qd7 24. b3 Qf5 25. Qd3 Nd7 26. Qc2 Nf6 27. Re2 Qxc2 28.
Rxc2 Nxd5 29. c4 Nb4 30. Rc3 e4 31. Ng5 Bf6 32. Bd2 Re7 33. Re3 Bxg5 34. Bxb4
Bxe3 35. fxe3 Rf7 36. Rd1 bxc4 37. bxc4 Rf5 38. Rd4 0-1

[Event "35t. Copenhagen Open (Politiken Cup)"]
[Site "Elsinore"]
[Date "2013.07.29"]
[Round "4"]
[White "Bendixen, Daniel"]
[Black "Morkedal, Oyvind"]
[Result "1-0"]
[WhiteElo "1885"]
[BlackElo "1628"]
[PlyCount "99"]
[EventDate "2013.07.27"]
[EventType "swiss"]
[EventRounds "10"]
[EventCountry "DEN"]
[Source "ChessBase"]
[SourceDate "2013.08.26"]

1. e4 e5 2. Nf3 Nc6 3. Bc4 Bc5 4. d3 Nf6 5. O-O h6 6. c3 a6 7. b4 Ba7 8. a4 d6
9. h3 O-O 10. Be3 Be6 11. Nbd2 Re8 12. Bxa7 Nxa7 13. Re1 b5 14. Bxe6 fxe6 15.
c4 bxc4 16. dxc4 Nc6 17. b5 Nd4 18. Nb3 Nxb3 19. Qxb3 Nd7 20. Qc2 a5 21. Nd2
Nc5 22. Nb3 Nxb3 23. Qxb3 Qb8 24. Qc3 Qb6 25. c5 dxc5 26. Rac1 c4 27. Qxc4 Rf8
28. Qe2 Rf7 29. Rc6 Qd4 30. Rxe6 Raf8 31. Re7 Qxf2+ 32. Qxf2 Rxf2 33. Re8 Rxg2+
34. Kxg2 Rxe8 35. Rc1 Re7 36. Rc6 Rf7 37. Ra6 Rf4 38. Rxa5 Rxe4 39. Ra8+ Kh7
40. a5 Ra4 41. a6 Ra5 42. Rb8 c6 43. bxc6 Rxa6 44. c7 Rc6 45. c8=Q Rxc8 46.
Rxc8 Kg6 47. Rf8 Kg5 48. Kg3 g6 49. h4+ Kh5 50. Re8 1-0

[Event "35t. Copenhagen Open (Politiken Cup)"]
[Site "Elsinore"]
[Date "2013.07.29"]
[Round "4"]
[White "Bjornes, Leif"]
[Black "Heimisson, Hilmir Freyr"]
[Result "1/2-1/2"]
[WhiteElo "1918"]
[BlackElo "1690"]
[PlyCount "34"]
[EventDate "2013.07.27"]
[EventType "swiss"]
[EventRounds "10"]
[EventCountry "DEN"]
[Source "ChessBase"]
[SourceDate "2013.08.26"]

1. d4 d5 2. c4 c6 3. Nf3 Nf6 4. Nc3 e6 5. Bg5 Bb4 6. Qc2 dxc4 7. e3 b5 8. Ne5
h6 9. Bh4 Bb7 10. Be2 g5 11. Bg3 c5 12. O-O-O Qa5 13. dxc5 Bxc3 14. Qxc3 Qxc3+
15. bxc3 Bxg2 16. Rhg1 Bd5 17. f3 g4 1/2-1/2

[Event "35t. Copenhagen Open (Politiken Cup)"]
[Site "Elsinore"]
[Date "2013.07.29"]
[Round "4"]
[White "Bratteteig, Tore Inge"]
[Black "Nielsen, Morten"]
[Result "0-1"]
[WhiteElo "1692"]
[BlackElo "1965"]
[PlyCount "42"]
[EventDate "2013.07.27"]
[EventType "swiss"]
[EventRounds "10"]
[EventCountry "DEN"]
[Source "ChessBase"]
[SourceDate "2013.08.26"]

1. c4 Nf6 2. Nc3 g6 3. g3 Bg7 4. Bg2 O-O 5. Nf3 Nc6 6. d4 d6 7. O-O a6 8. a3
Rb8 9. e4 Bg4 10. Be3 Nd7 11. b4 e5 12. d5 Nd4 13. h3 Nxf3+ 14. Bxf3 Bxh3 15.
Bg2 Bxg2 16. Kxg2 f5 17. Qd2 f4 18. gxf4 exf4 19. Bd4 f3+ 20. Kh3 Bxd4 21. Qxd4
Rf4 0-1

[Event "35t. Copenhagen Open (Politiken Cup)"]
[Site "Elsinore"]
[Date "2013.07.29"]
[Round "4"]
[White "Bremer, Erik"]
[Black "Larsen, Preben R"]
[Result "0-1"]
[WhiteElo "1493"]
[BlackElo "1836"]
[PlyCount "28"]
[EventDate "2013.07.27"]
[EventType "swiss"]
[EventRounds "10"]
[EventCountry "DEN"]
[Source "ChessBase"]
[SourceDate "2013.08.26"]

1. e4 c5 2. Nc3 Nc6 3. f4 e6 4. Nf3 d5 5. exd5 exd5 6. d4 Nf6 7. Bb5 Bd7 8. O-O
cxd4 9. Re1+ Be7 10. Nxd4 Nxd4 11. Qxd4 Bxb5 12. Nxb5 O-O 13. Qe5 Bc5+ 14. Kh1
Ng4 0-1

[Event "35t. Copenhagen Open (Politiken Cup)"]
[Site "Elsinore"]
[Date "2013.07.29"]
[Round "4"]
[White "Cheparinov, Ivan"]
[Black "Hector, Jonny"]
[Result "1-0"]
[WhiteElo "2678"]
[BlackElo "2509"]
[PlyCount "77"]
[EventDate "2013.07.27"]
[EventType "swiss"]
[EventRounds "10"]
[EventCountry "DEN"]
[Source "ChessBase"]
[SourceDate "2013.08.26"]

1. c4 e5 2. Nc3 Bb4 3. Nd5 Be7 4. d4 d6 5. e4 Nf6 6. Nxe7 Qxe7 7. f3 exd4 8.
Qxd4 Nc6 9. Qe3 Be6 10. Bd2 Nd7 11. Rc1 O-O 12. Ne2 f5 13. Nf4 fxe4 14. fxe4
Nde5 15. Be2 Rxf4 16. Qxf4 Nd4 17. Qg5 Qf7 18. Rf1 Qd7 19. Qe3 Nxe2 20. Qxe2
Qa4 21. b3 Qxa2 22. Qe3 c5 23. Qc3 Qa6 24. Kf2 Qc6 25. Kg1 Qxe4 26. Rce1 Qg6
27. Bf4 Bd7 28. Bxe5 dxe5 29. Qxe5 Bc6 30. Re2 b6 31. Qe6+ Qxe6 32. Rxe6 Be8
33. Re7 Bg6 34. Rd1 Bc2 35. Rdd7 a5 36. Rxg7+ Kh8 37. Rg3 Re8 38. Rb7 Bg6 39.
Rxb6 1-0

[Event "35t. Copenhagen Open (Politiken Cup)"]
[Site "Elsinore"]
[Date "2013.07.29"]
[Round "4"]
[White "Cherednichenko, Svetlana"]
[Black "Schmied, Andreas"]
[Result "1-0"]
[WhiteElo "2290"]
[BlackElo "2063"]
[PlyCount "43"]
[EventDate "2013.07.27"]
[EventType "swiss"]
[EventRounds "10"]
[EventCountry "DEN"]
[Source "ChessBase"]
[SourceDate "2013.08.26"]

1. d4 Nf6 2. Nf3 g6 3. Bf4 Bg7 4. e3 d6 5. h3 O-O 6. Be2 c5 7. c3 Be6 8. Nbd2
Qb6 9. Qc2 Nc6 10. Ng5 Bd7 11. Nc4 Qd8 12. dxc5 dxc5 13. Rd1 Qc8 14. O-O h6 15.
Nf3 Be6 16. e4 b6 17. Ne3 Qb7 18. Nd5 Rad8 19. Nc7 Bc8 20. Ba6 Qb8 21. Ne6 Qa8
22. Nxd8 1-0

[Event "35t. Copenhagen Open (Politiken Cup)"]
[Site "Elsinore"]
[Date "2013.07.29"]
[Round "4"]
[White "Christenson, Bjorn Aa"]
[Black "Christiansen, Niels Jorgen"]
[Result "1-0"]
[WhiteElo "1886"]
[BlackElo "1669"]
[PlyCount "68"]
[EventDate "2013.07.27"]
[EventType "swiss"]
[EventRounds "10"]
[EventCountry "DEN"]
[Source "ChessBase"]
[SourceDate "2013.08.26"]

1. e4 c5 2. Nf3 d6 3. d4 cxd4 4. Nxd4 Nf6 5. Nc3 a6 6. Bg5 e5 7. Nf5 Bxf5 8.
exf5 Be7 9. Be2 Nc6 10. Bf3 Qa5 11. Bxf6 gxf6 12. Qd5 Qxd5 13. Nxd5 Bd8 14. c3
Rc8 15. Rd1 Kd7 16. Bh5 Rf8 17. O-O b5 18. Rd3 Na5 19. b3 Nb7 20. Rg3 Kc6 21.
Rd1 Nc5 22. Rg7 Ne4 23. Bf3 Nc5 24. Ne7+ Kc7 25. Nxc8 Kxc8 26. Rxd6 Kb8 27. b4
Na4 28. Rxh7 Nxc3 29. Rxa6 e4 30. Bh5 Nd5 31. Rxf7 Rxf7 32. Bxf7 Nxb4 33. Rd6
Kc7 34. Rd4 Nxa2 1-0